Dějiny filosofie. I., Řecko a Řím /

Uložené v:
Podrobná bibliografia
Hlavný autor: Copleston, Frederick Charles, 1907-1994 (Author)
Ďalší autori: Odehnalová, Jana, 1955- (Translator)
Médium: Kniha
Jazyk:Czech
English
Vydané: Olomouc : Refugium Velehrad-Roma, 2014.
Vydanie:Vydání první
Edícia:Prameny spirituality 44
Témy:
ISBN: 9788074121678 ( viaz.)
Fyzický popis: 702 strán ; 22 cm.
Tagy: Pridať tag
Žiadne tagy, Buďte prvý kto otaguje tento záznam!

MARC

LEADER 00000nam a2200000 a 4500
001 000460310
005 20170913125548.0
008 141205s2014 xr e 001 0 cze d
020 |a 9788074121678 ( viaz.) 
040 |a SVKKK  |b slo  |c SVKKK  |e AACR2 
041 1 |a cze  |h eng 
044 |a xr  |c CZ 
072 7 |a 14(3)  |x Antická, staroveká filozofia  |2 konspekt 
080 |a 14(37/38)  |2 2011 
080 |a 14(091)  |2 2011 
080 |a (048.8)  |2 2011 
100 1 |a Copleston, Frederick Charles,  |d 1907-1994  |4 aut 
240 1 2 |a A history of philosophy.  |l Česky 
245 1 0 |a Dějiny filosofie.  |n I.,  |p Řecko a Řím /  |c Frederick Copleston ; [z anglického originálu přeložila Jana Odehnalová]. 
246 3 0 |a Řecko a Řím 
250 |a Vydání první 
260 |a Olomouc :  |b Refugium Velehrad-Roma,  |c 2014. 
300 |a 702 strán ;  |c 22 cm. 
490 1 |a Prameny spirituality  |v 44 
500 |a Preložené z angličtiny 
504 |a Bibliografické odkazy; bibliografia: s. 676-683; register: s. 684-695 
650 0 7 |a antická filozofia  |2 SVKKKPH 
650 0 7 |a dejiny filozofie  |2 SVKKKPH 
655 7 |a prehľady  |2 SVKKKPH 
700 1 |a Odehnalová, Jana,  |d 1955-  |4 trl 
830 0 |a Prameny spirituality  |v 44 
910 |a svkkk 
919 |a 978-80-7412-167-8 
998 |a BK 
090 |g SCKHL  |k Študovňa kníh  |a IV.223101  |j 1061994  |i 2720295128  |s Príručka / Študovňa 
090 |g SCKHL  |k Sklad Hlavná 10 prízemie  |a IV.229954  |j 1082086  |i 2720414168  |s Absenčne